1984 / Nineteen Eighty-Four / (Record no. 616738)

000 -LEADER
fixed length control field 00356nam a22001337a 4500
027 ## - STANDARD TECHNICAL REPORT NUMBER
Qualifying information HB.
040 ## - CATALOGING SOURCE
Transcribing agency FIZZA ISHAQ
082 ## - DEWEY DECIMAL CLASSIFICATION NUMBER
Classification number 823.912
Author Mark ORW
100 ## - MAIN ENTRY--PERSONAL NAME
Personal name Orwell , George.
9 (RLIN) 99933
245 ## - TITLE STATEMENT
Title 1984 / Nineteen Eighty-Four /
Statement of responsibility, etc. George Orwell.
260 ## - PUBLICATION, DISTRIBUTION, ETC.
Place of publication, distribution, etc. New York:
Name of publisher, distributor, etc. A SIGNET CLASSIC,
Date of publication, distribution, etc. 1949.
300 ## - PHYSICAL DESCRIPTION
Extent 268 P. ;
Dimensions 4 X 7 X .8 inches
942 ## - ADDED ENTRY ELEMENTS (KOHA)
Source of classification or shelving scheme
Koha item type Book
Holdings
Withdrawn status Lost status Source of classification or shelving scheme Damaged status Not for loan Permanent Location Current Location Shelving location Date acquired Total Checkouts Full call number Barcode Date last seen Price effective from Koha item type
          NUST Baluchistan Campus (NBC) NUST Baluchistan Campus (NBC) General Stacks 03/30/2026   823.912 ORW QD-660 03/30/2026 03/30/2026 Book
© 2023 Central Library, National University of Sciences and Technology. All Rights Reserved.